1344 1614 1593 1293 1076 1501 1379 1694 1777 1603 1438 1494 1191 1812 1248 1625 1239 1150 1766 1455 1758 1673 1714 1386 1756 1349 1971 1746 1457 1694 1675 1299 1557 1746 1894 1165 1157 1789 1204 1360 1163 1153 1552 1295 1455 1715 1308 1043 1463 1188 1992 1007 1192 1019 1971 1356 1088 1266 1408 1650 1552 1993 1379 1725 1827 1198 1267 1967 1002 1856 1365 1105 1722 1094 1934 1993 1110 1345 1021 1330 1983 1667 1735 1708 1619 1709 1776 1438 1186 1627 1277 1606 1604 1876 1019 1474 1735 1252 1774 BCNSPRNW ULIB Ver.6.0+V

เปลี่ยนเป็นภาษาไทย

Change to English
 แสดงรายละเอียดบรรณานุกรม
  กลับหน้าหลัก

Brief Record : Get Marc (ISO 2709) : E-mail record : QR code < ปิดหน้าต่าง
LEADER : 00000nam 2200000uu 4500
001    13399125219
003     ULIB
008    161117s2553||||th 000 0 tha d
020    ^a9786111100686
050  4 ^aTJ163.3^bส282ค
100 0  ^aนายสมศักดิ์ ศิริวนารังสรรค์,นายนิพนธ์ุ อันแฉ่ง,นายผาไท จูลสุข,นางสาวเนาวรัตน์ ศรีสันติแสงและนางสาวพรรนิกาญจน วังกุ่ม
245 00 ^aคู่มือ 5 ส /^cสำนักงานอนามัยสิ่งแวดล้อม กรมอนามัย กระทรวงสาธารณสุข
250    ^aพิมพ์ครั้งที่ 2
260    ^aกรุงเทพ :^bบริษัท สามเจริญพาณิชย์ จำกัด,^c2553
300    ^a73 หน้า
700 0  ^aนายสมศักดิ์ ศิริวนารังสรรค์
700 0  ^aนายนิพนธ์ุ อันแฉ่ง
700 0  ^aนายผาไท จูลสุข
700 0  ^aนางสาวเนาวรัตน์ ศรีสันติแสง
700 0  ^aนางสาวพรรนิกาญจน วังกุ่ม
945    ^p0^l0^i001498
945    ^p0^l0^i001499
945    ^p0^l0^i001500
945    ^p0^l0^i001501
945    ^p0^l0^i001502
945    ^p0^l0^i001503
945    ^p0^l0^i001504
999    ^aวรรณษา ชูชัยมงคล
รายการนี้ยังไม่มีแท็ก
คุณยังไม่ได้ล็อกอิน คุณสามารถมีกิจกรรมร่วมกับเว็บไซต์ได้ แต่ต้องล็อกอินก่อน ::
  ล็อกอิน

รายการสื่อสารสนเทศ

ลำดับที่ ประเภท เลขเรียก/บาร์โค้ด สถานที่ สถานะ
1. การศึกษาทั่วไป
การศึกษาทั่วไป
TJ163.3 ส282ค ฉ.1 
  Barcode: 001498
ห้องสมุดวิทยาเขตสวรรค์ประชารักษ์
►หนังสือทั่วไป
บนชั้น
2. การศึกษาทั่วไป
การศึกษาทั่วไป
TJ163.3 ส282ค ฉ.2 
  Barcode: 001499
ห้องสมุดวิทยาเขตสวรรค์ประชารักษ์
►หนังสือทั่วไป
บนชั้น
3. การศึกษาทั่วไป
การศึกษาทั่วไป
TJ163.3 ส282ค ฉ.3 
  Barcode: 001500
ห้องสมุดวิทยาเขตสวรรค์ประชารักษ์
►หนังสือทั่วไป
บนชั้น
4. การศึกษาทั่วไป
การศึกษาทั่วไป
TJ163.3 ส282ค ฉ.4 
  Barcode: 001501
ห้องสมุดวิทยาเขตสวรรค์ประชารักษ์
►หนังสือทั่วไป
บนชั้น
5. การศึกษาทั่วไป
การศึกษาทั่วไป
TJ163.3 ส282ค ฉ.5 
  Barcode: 001502
ห้องสมุดวิทยาเขตสวรรค์ประชารักษ์
►หนังสือทั่วไป
บนชั้น
6. การศึกษาทั่วไป
การศึกษาทั่วไป
TJ163.3 ส282ค ฉ.6 
  Barcode: 001503
ห้องสมุดวิทยาเขตสวรรค์ประชารักษ์
►หนังสือทั่วไป
บนชั้น
7. การศึกษาทั่วไป
การศึกษาทั่วไป
TJ163.3 ส282ค ฉ.7 
  Barcode: 001504
ห้องสมุดวิทยาเขตสวรรค์ประชารักษ์
►หนังสือทั่วไป
บนชั้น

BibComment


ยังไม่เคยถูกคอมเมนท์

คอมเมนท์ทรัพยากรรายการนี้
  คอมเมนท์: คู่มือ 5 ส สำน..


 Copyright 2026. Bcnsprnw @Library